| Registos Bibliográficos associados ao registo de autoridade |
|
Etiqueta de registo: 00254nam 2200025 450 001 2284263 003 http://id.bnportugal.gov.pt/bib/catbnp/2284263 100 ## $a20260413d1668 m y0pory01030103ba 101 0# $apor 102 ## $aPT 105 ## $ay z 000yy 106 ## $ar 200 1# $aLey, e prematica por que S. A. ha por bem que do dia da publicação desta a hum mez,
se dè á execução, a prohibição dos trages, & mais cousas de que assima se faz menção
pella maneira que nella se declara 210 #9 $aLisboa$cna impressaõ de Antonio Craesbeeck de Mello, Impressor de El Rey N. S. & de Sua Alteza,$d1668 215 ## $a[4] f.$d2º (32 cm) 306 ## $aPragmática datada de 8 de Junho de 1668 307 ## $aNa f. de rosto, escudo de armas de Portugal, assin. "I. Ieghers" 518 1# $aLei e pragmática por que Sua Alteza há por bem que do dia da publicação desta a um
mês se dê à execução a proibição dos trajes e mais coisas de que acima se faz menção,
pela maneira que nela se declara 620 ## $dLisboa 700 #0 $aD. Pedro II,$cRei de Portugal,$f1648-1706$31836268 702 #1 $aCraesbeeck,$bAntónio,$f1640-1684$4610$371926 702 #1 $aJeghers,$bJan,$f1618-ca 1677$4530$31301000 801 #0 $aPT$bBN$gRPC 966 ## $lBN$mRESMAN$sCOD. 6933//2 971 ## $cpmesqui$d20260413 997 ## $aBIBEOD
Etiqueta de registo: 00254nam 2200025 450 001 2284405 003 http://id.bnportugal.gov.pt/bib/catbnp/2284405 100 ## $a20260414f16681670m y0pory01030103ba 101 0# $apor 102 ## $aPT 105 ## $ay z 000yy 106 ## $ar 200 1# $a [ Regimento das décimas, de 1668$eextrato] 210 #9 $a[S.l.$cs.n.,$d1668] 215 ## $a[7, 1 br.] f.$d2º (32 cm) 306 ## $aDoc. datado de 23 de Agosto de 1668 307 ## $aApenas os cad. B-E//2, sem fol. ou pag. 316 ## $aExemplar a que falta o cad. A$5PTBN: COD. 6933//33 700 #0 $aD. Pedro II,$cRei de Portugal,$f1648-1706$31836268 801 #0 $aPT$bBN$gRPC 966 ## $lBN$mRESMAN$sCOD. 6933//33 971 ## $cpmesqui$d20260414 997 ## $aBIBEOD
Etiqueta de registo: 00254nam 2200025 450 001 2284402 003 http://id.bnportugal.gov.pt/bib/catbnp/2284402 100 ## $a20260414f16681669 y0pory01030103ba 101 0# $apor 102 ## $aPT 105 ## $ay z 000yy 106 ## $ar 200 1# $a [ Alvará do Príncipe Regente, nomeando os deputados da nobreza à Junta dos Três Estados,
de 3 de Setembro de 1668] 210 #9 $a[S.l.$cs.n.,$d1668] 215 ## $a[1] f.$d2º (32 cm) 700 #0 $aD. Pedro II,$cRei de Portugal,$f1648-1706$31836268 801 #0 $aPT$bBN$gRPC 966 ## $lBN$mRESMAN$sCOD. 6933//31 971 ## $cpmesqui$d20260414 997 ## $aBIBEOD
|
|
|